[Event "Collado Villalba 64 op 9th"]
[Site "Collado Villalba"]
[Date "2024.08.06"]
[Round "5"]
[White "Salcedo Tornero, Pablo"]
[Black "Longa Yauca, Javier"]
[Result "0-1"]
[WhiteElo "1997"]
[BlackElo "2270"]
[PlyCount "97"]
[EventDate "2024.08.03"]
[EventType "swiss"]
[EventRounds "9"]
[EventCountry "ESP"]
[SourceTitle "EXT 2025"]
[Source "ChessBase"]
[SourceDate "2024.10.14"]
[SourceVersion "1"]
[SourceVersionDate "2024.10.14"]
[SourceQuality "1"]

1. e4 d6 2. Nc3 g6 3. f4 Bg7 4. Nf3 e5 5. Bc4 Ne7 6. fxe5 dxe5 7. 0-0 0-0 8. d3 h6 9. Qe1 Kh7 10. Qh4 f6 11. Ng5+ fxg5 12. Bxg5 Qd4+ 13. Kh1 Nf5 14. exf5 gxf5 15. Nd5 Qxh4 16. Bxh4 Nc6 17. Nxc7 Rb8 18. c3 Bf6 19. Bxf6 Rxf6 20. Ne8 Rf8 21. Nd6 Bd7 22. Rae1 Kg7 23. Kg1 Rf6 24. Nb5 a6 25. Nc7 Rd6 26. Nd5 b5 27. Bb3 a5 28. Nc7 a4 29. Bc2 Rb6 30. Rxf5 Rb7 31. Ref1 Rxc7 32. Rf7+ Kg6 33. d4+ Kh5 34. Rg7 Nxd4 35. Bd1+ Kh4 36. cxd4 Rxd4 37. Bf3 Rc2 38. Rg6 h5 39. Re1 Bg4 40. Bxg4 Rxg4 41. Rxg4+ Kxg4 42. Rxe5 Rxb2 43. a3 b4 44. axb4 a3 45. Ra5 a2 46. h3+ Kf4 47. Kh2 h4 48. b5 Ke4 49. Ra8 0-1

[Event "Collado Villalba 64 op 9th"]
[Site "Collado Villalba"]
[Date "2024.08.04"]
[Round "2"]
[White "De Juan Huarte, Federico"]
[Black "Longa Yauca, Javier"]
[Result "0-1"]
[WhiteElo "1652"]
[BlackElo "2270"]
[PlyCount "56"]
[EventDate "2024.08.03"]
[EventType "swiss"]
[EventRounds "9"]
[EventCountry "ESP"]
[SourceTitle "EXT 2025"]
[Source "ChessBase"]
[SourceDate "2024.10.14"]
[SourceVersion "1"]
[SourceVersionDate "2024.10.14"]
[SourceQuality "1"]

1. e4 Nf6 2. e5 Nd5 3. Bc4 e6 4. d4 d6 5. f4 Nb6 6. Bb3 dxe5 7. fxe5 c5 8. c3 Qh4+ 9. Kf1 Nc6 10. Nf3 Qg4 11. Be3 Be7 12. Bc2 Nd5 13. Bf2 f5 14. h3 Qh5 15. Na3 0-0 16. Bb3 cxd4 17. Bxd5 exd5 18. Qb3 dxc3 19. Qxd5+ Kh8 20. bxc3 Bxa3 21. Nd4 f4 22. Nb5 Be7 23. Bd4 f3 24. g3 Qg6 25. Nd6 Qxg3 26. Nf7+ Rxf7 27. Qxf7 Qg2+ 28. Ke1 Qe2# 0-1

[Event "Collado Villalba op 39th"]
[Site "Collado Villalba"]
[Date "2022.08.24"]
[Round "5"]
[White "Pastor Alonso de Prado, Emilio Alberto"]
[Black "Longa Yauca, Javier"]
[Result "0-1"]
[WhiteElo "2050"]
[BlackElo "2266"]
[PlyCount "72"]
[EventDate "2022.08.20"]
[EventType "swiss"]
[EventRounds "9"]
[EventCountry "ESP"]
[SourceTitle "EXT 2023"]
[Source "ChessBase"]
[SourceDate "2022.10.05"]
[SourceVersion "1"]
[SourceVersionDate "2022.10.05"]
[SourceQuality "1"]

1. Nf3 d5 2. c4 e6 3. e3 Nf6 4. b3 Be7 5. Bb2 0-0 6. Be2 c5 7. 0-0 Nc6 8. cxd5 exd5 9. d4 b6 10. Nc3 Bb7 11. Ne5 Nxe5 12. dxe5 Ne8 13. Qc2 Qc7 14. Rad1 d4 15. exd4 cxd4 16. Rxd4 Qxe5 17. Rfd1 Nf6 18. R4d3 Qf5 19. Qd2 Rac8 20. Bf3 Bxf3 21. Rxf3 Qa5 22. Qe2 Rfe8 23. Re3 Bc5 24. Rxe8+ Rxe8 25. Qf3 h5 26. h3 Qb4 27. g3 b5 28. Kg2 h4 29. g4 Bb6 30. g5 Ne4 31. g6 fxg6 32. Re1 Rf8 33. Rxe4 Rxf3 34. Kxf3 Qd6 35. Kg2 Qd3 36. Re7 Bd4 0-1

[Event "Collado Villalba Grupo Gallinero op 1st"]
[Site "Collado Villalba"]
[Date "2022.08.15"]
[Round "6"]
[White "Longa Yauca, Javier"]
[Black "Gomez Aguirre, Juan Alberto"]
[Result "1-0"]
[WhiteElo "2266"]
[BlackElo "2061"]
[PlyCount "136"]
[EventDate "2022.08.12"]
[EventType "swiss"]
[EventRounds "9"]
[EventCountry "ESP"]
[SourceTitle "CBM 210 Extra"]
[Source "ChessBase"]
[SourceDate "2022.11.30"]
[SourceVersion "1"]
[SourceVersionDate "2022.11.30"]
[SourceQuality "1"]

1. c4 e6 2. Nc3 Nf6 3. e4 d5 4. e5 d4 5. exf6 dxc3 6. fxg7 cxd2+ 7. Qxd2 Qxd2+ 8. Bxd2 Bxg7 9. 0-0-0 b6 10. Be2 Bb7 11. Bf3 Nc6 12. Bf4 Na5 13. b3 c5 14. Bxb7 Nxb7 15. Nf3 Ke7 16. Bg5+ f6 17. Bh4 Rhd8 18. Ne5 Na5 19. f4 Rxd1+ 20. Rxd1 Rd8 21. Re1 Kf8 22. Nf3 Kf7 23. Ne5+ Kf8 24. Kc2 Rd6 25. Nf3 Nc6 26. a3 Kf7 27. Bf2 Rd7 28. Re2 Bh6 29. g3 Rd6 30. Be1 Nd4+ 31. Nxd4 Rxd4 32. Bf2 Rd7 33. b4 Bf8 34. b5 f5 35. a4 Bg7 36. a5 Rd8 37. Rd2 Rxd2+ 38. Kxd2 Bf8 39. Kd3 Be7 40. Be1 Bf6 41. Bf2 Be7 42. Be1 Bf6 43. Ke2 h5 44. Kf3 Kg6 45. h3 Bd8 46. Bf2 Be7 47. a6 Bd6 48. Be1 Bc7 49. Bc3 Bd6 50. g4 hxg4+ 51. hxg4 Bc7 52. Kg3 Bd6 53. Bd2 Bc7 54. Be3 Bd6 55. Kf3 Be7 56. Bf2 Kf7 57. Be1 Kg6 58. Bc3 Bf6 59. Bd2 Be7 60. Be3 Bd6 61. Bg1 Be7 62. Bf2 Kf7 63. Be1 Kg6 64. Bc3 Bf6 65. gxf5+ exf5 66. Be5 Bxe5 67. fxe5 Kf7 68. Kg3 Ke7 1-0

[Event "Madrid-ch"]
[Site "Madrid"]
[Date "2022.05.27"]
[Round "3"]
[White "Longa Yauca, Javier"]
[Black "Suarez Uriel, Adrian"]
[Result "0-1"]
[WhiteElo "2259"]
[BlackElo "2370"]
[PlyCount "100"]
[EventDate "2022.05.25"]
[EventType "swiss"]
[EventRounds "7"]
[EventCountry "ESP"]
[SourceTitle "EXT 2023"]
[Source "ChessBase"]
[SourceDate "2022.10.05"]
[SourceVersion "1"]
[SourceVersionDate "2022.10.05"]
[SourceQuality "1"]

1. c4 Nf6 2. Nc3 e5 3. d3 Bc5 4. g3 Nc6 5. Bg2 a6 6. e3 h5 7. h3 d6 8. Nge2 Ba7 9. d4 Bf5 10. Nd5 exd4 11. exd4 Nxd5 12. cxd5 Ne7 13. Bg5 Qd7 14. Rc1 0-0-0 15. Qd2 Rde8 16. Be3 Ng8 17. Nc3 Nf6 18. a4 Ne4 19. Nxe4 Bxe4 20. Bxe4 Rxe4 21. 0-0 Qxa4 22. Rfd1 Rhe8 23. Ra1 Qb3 24. Ra3 Qxd5 25. Ra5 Qe6 26. Rxh5 g6 27. Rh7 Qf5 28. Kg2 Bb6 29. Qd3 Kb8 30. b3 Qd5 31. Qc4 Qxc4 32. bxc4 R8e7 33. Kf3 a5 34. h4 c5 35. Rb1 Ka7 36. Bg5 Re8 37. dxc5 dxc5 38. Rxf7 Rxc4 39. Bd2 Re6 40. Bxa5 Bxa5 41. Rfxb7+ Ka6 42. Rb8 Bb6 43. Ra8+ Kb7 44. Rf8 Rb4 45. Rc1 c4 46. Rf4 Rc6 47. g4 Rb3+ 48. Kg2 c3 49. Rf3 Bd4 50. Rd3 Rb4 0-1

[Event "Madrid-ch sf"]
[Site "Madrid"]
[Date "2022.05.11"]
[Round "8"]
[White "Longa Yauca, Javier"]
[Black "Tenorio Garcia, Joel"]
[Result "1/2-1/2"]
[WhiteElo "2259"]
[BlackElo "2027"]
[PlyCount "30"]
[EventDate "2022.05.04"]
[EventType "swiss"]
[EventRounds "9"]
[EventCountry "ESP"]
[SourceTitle "EXT 2023"]
[Source "ChessBase"]
[SourceDate "2022.10.05"]
[SourceVersion "1"]
[SourceVersionDate "2022.10.05"]
[SourceQuality "1"]

1. d4 Nf6 2. Nf3 g6 3. b3 Bg7 4. Bb2 0-0 5. Nbd2 d5 6. e3 c5 7. dxc5 Qa5 8. Bd4 Nc6 9. Be2 Nxd4 10. exd4 Ne4 11. b4 Qxb4 12. Rb1 Qa5 13. Rb5 Qc3 14. Rb3 Qa5 15. Rb5 Qc3 1/2-1/2

[Event "Madrid-ch sf"]
[Site "Madrid"]
[Date "2022.05.07"]
[Round "4"]
[White "Torres Bosch, Jose Francisco"]
[Black "Longa Yauca, Javier"]
[Result "1-0"]
[WhiteElo "2134"]
[BlackElo "2259"]
[PlyCount "41"]
[EventDate "2022.05.04"]
[EventType "swiss"]
[EventRounds "9"]
[EventCountry "ESP"]
[SourceTitle "EXT 2023"]
[Source "ChessBase"]
[SourceDate "2022.10.05"]
[SourceVersion "1"]
[SourceVersionDate "2022.10.05"]
[SourceQuality "1"]

1. e4 e6 2. d4 d5 3. Nc3 Nf6 4. e5 Nfd7 5. f4 c5 6. Nf3 Nc6 7. Be3 f6 8. Qd2 fxe5 9. Nxe5 cxd4 10. Bxd4 Nxd4 11. Qxd4 Bc5 12. Qd2 Nxe5 13. fxe5 0-0 14. 0-0-0 Qc7 15. Re1 a6 16. Bd3 Bd7 17. Qg5 Rf7 18. Nxd5 Qd8 19. Nf6+ Rxf6 20. exf6 Bf8 21. Bxh7+ 1-0

[Event "Collado Villalba op 38th"]
[Site "Collado Villalba"]
[Date "2021.08.23"]
[Round "3"]
[White "Ciuro Munoz, Ricardo"]
[Black "Longa Yauca, Javier"]
[Result "0-1"]
[WhiteElo "1960"]
[BlackElo "2235"]
[PlyCount "52"]
[EventDate "2021.08.21"]
[EventType "swiss"]
[EventRounds "9"]
[EventCountry "ESP"]
[SourceTitle "CBM 204 Extra"]
[Source "ChessBase"]
[SourceDate "2021.11.30"]
[SourceVersion "1"]
[SourceVersionDate "2021.11.30"]
[SourceQuality "1"]

1. e4 e6 2. d3 d5 3. Nd2 c5 4. Ngf3 Nc6 5. g3 Nf6 6. Bg2 Be7 7. 0-0 dxe4 8. dxe4 e5 9. Re1 0-0 10. c3 Qc7 11. Qc2 Be6 12. Nf1 h6 13. h4 Rfd8 14. Ne3 c4 15. a4 Na5 16. Nf5 Bf8 17. Bd2 Nb3 18. Rad1 Rd3 19. Ne3 Rad8 20. Bf1 Nc5 21. Nd5 Bxd5 22. exd5 Rxf3 23. Bxc4 e4 24. Bf1 Ng4 25. Be3 Nxe3 26. Rxe3 Rxe3 0-1

[Event "Collado Villalba op 38th"]
[Site "Collado Villalba"]
[Date "2021.08.21"]
[Round "1"]
[White "Rodriguez Sanchez, Juan Carlos"]
[Black "Longa Yauca, Javier"]
[Result "0-1"]
[WhiteElo "1623"]
[BlackElo "2235"]
[PlyCount "48"]
[EventDate "2021.08.21"]
[EventType "swiss"]
[EventRounds "9"]
[EventCountry "ESP"]
[SourceTitle "CBM 204 Extra"]
[Source "ChessBase"]
[SourceDate "2021.11.30"]
[SourceVersion "1"]
[SourceVersionDate "2021.11.30"]
[SourceQuality "1"]

1. d4 Nf6 2. c4 e6 3. Nc3 Bb4 4. e3 b6 5. Nf3 Bb7 6. Be2 0-0 7. 0-0 Bxc3 8. bxc3 c5 9. Rb1 d6 10. Ba3 Qe7 11. Nd2 Nc6 12. Bf3 e5 13. dxc5 dxc5 14. Ne4 Na5 15. Nxf6+ Qxf6 16. Bxb7 Nxb7 17. e4 Na5 18. Qa4 Qc6 19. Qxc6 Nxc6 20. Rfd1 Na5 21. Bb2 Nxc4 22. Kf1 Rfd8 23. Ke2 Rxd1 24. Kxd1 Rd8+ 0-1

[Event "Gibraltar Challengers op-A"]
[Site "Caleta"]
[Date "2020.01.21"]
[Round "2"]
[White "Oragwu, Chukwunonso"]
[Black "Longa Yauca, Javier"]
[Result "1-0"]
[WhiteElo "2220"]
[BlackElo "2154"]
[PlyCount "93"]
[EventDate "2020.01.20"]
[EventType "swiss"]
[EventRounds "5"]
[EventCountry "GGB"]
[SourceTitle "CBM 194 Extra"]
[Source "ChessBase"]
[SourceDate "2020.03.31"]
[SourceVersion "1"]
[SourceVersionDate "2020.03.31"]
[SourceQuality "1"]

1. e4 e6 2. d3 c5 3. Nf3 Nc6 4. c3 d5 5. Nbd2 Nf6 6. Be2 Be7 7. 0-0 0-0 8. Re1 e5 9. exd5 Qxd5 10. Bf1 Bg4 11. Qb3 Qxb3 12. axb3 Nd7 13. h3 Bh5 14. g4 Bg6 15. Nc4 Rfe8 16. Ncxe5 Ndxe5 17. Nxe5 Bf6 18. Nf3 Red8 19. Be3 b6 20. g5 Be7 21. d4 cxd4 22. Nxd4 Nxd4 23. Bxd4 Bxg5 24. Bg2 Rab8 25. Rxa7 h6 26. b4 b5 27. Bf1 Bf4 28. Bg2 Rd6 29. Ree7 Rc8 30. Ra8 Rxa8 31. Bxa8 Bc1 32. b3 Bg5 33. Re8+ Kh7 34. Re1 f6 35. Be4 f5 36. Bd3 Bd2 37. Re7 h5 38. Rxg7+ Kh6 39. Re7 f4 40. Bxb5 Bf5 41. Bg7+ Kg5 42. Be5 Rg6 43. Rg7 Rxg7 44. Bxg7 Bxh3 45. Bc6 Bg4 46. b5 f3 47. Be5 1-0

[Event "Collado Villalba 64 op 7th"]
[Site "Collado Villalba"]
[Date "2019.08.03"]
[Round "7"]
[White "Martin Duque, Jesus"]
[Black "Longa Yauca, Javier"]
[Result "1-0"]
[WhiteElo "2331"]
[BlackElo "2261"]
[PlyCount "67"]
[EventDate "2019.07.29"]
[EventType "swiss"]
[EventRounds "9"]
[EventCountry "ESP"]
[SourceTitle "CBM 195 Extra"]
[Source "ChessBase"]
[SourceDate "2020.05.31"]
[SourceVersion "1"]
[SourceVersionDate "2020.05.31"]
[SourceQuality "1"]

1. e4 e5 2. Nf3 Nc6 3. Bc4 d6 4. d3 Be6 5. Bxe6 fxe6 6. c3 Qd7 7. Nbd2 Nf6 8. Nc4 Be7 9. 0-0 0-0 10. b4 b5 11. Na3 a6 12. Nc2 d5 13. Qe2 d4 14. Bd2 Rad8 15. Rfd1 h6 16. a4 Nh7 17. axb5 axb5 18. Ra6 Ng5 19. Bxg5 hxg5 20. cxd4 exd4 21. h3 e5 22. Nce1 g4 23. hxg4 Bxb4 24. Qc2 Bc3 25. Qb3+ Kh8 26. Qxb5 Rf6 27. g5 Rd6 28. Rxc6 Qxc6 29. Qxc6 Rxc6 30. Nxe5 Rcd6 31. Nf7+ Kh7 32. f4 Kg6 33. Nxd6 Rxd6 34. Nf3 1-0